|
|
|
|
| LEADER |
01047cam a2200253 7i4500 |
| 001 |
0000036087 |
| 005 |
20190823090000.0 |
| 007 |
##ta |
| 008 |
190823s2018 my |
| 020 |
# |
# |
|a x
|
| 040 |
# |
# |
|a MATR
|
| 090 |
0 |
0 |
|a M 658.82025
|b CLI
|
| 245 |
0 |
0 |
|a CLICK Buyer's Guide 2018 :
|b The One & Only Gifts, Premium & Stationery Directory in Malaysia :
|b The One & Only Gifts, Premium & Stationery Directory in Malaysia :
|b 10th Anniversary Celebrating A Decade of Golden Glory.
|
| 264 |
# |
4 |
|a ♭.
|
| 264 |
# |
1 |
|a Petaling Jaya:
|b Malaysian Gifts & Premium Entrepreneur Association (MGPA),
|c 2018.
|
| 300 |
# |
# |
|a 240 pages:
|b illustrations;
|c 21 cm.
|
| 336 |
# |
# |
|a text
|2 rdacontent
|
| 337 |
# |
# |
|a unmediated
|2 rdamedia
|
| 338 |
# |
# |
|a volume
|2 rdacarrier
|
| 504 |
# |
# |
|a Includes bibliographical references and index
|
| 650 |
# |
0 |
|a Gifts
|a zMalaysia --
|x Catalogue
|
| 650 |
# |
0 |
|a Stationery products
|a zMalaysia --
|x Catalogue
|
| 999 |
|
|
|a 0000040319
|b Directories
|c Malaysia
|e Business Information Centre
|
| 999 |
|
|
|a 0000040318
|b Directories
|c Malaysia
|e Business Information Centre
|